000 00860 a2200313 4500
999 _c36080
_d13399
001 36080
003 TR-AnTOB
005 20240925073653.0
008 060816m19742004tu 00011 tur
020 _a9754371008
040 _aTR-AnTOB
_cTR-AnTOB
041 _atur
050 0 _aPL248.O9539
090 _aPL248.O9539
_bK67 2004
100 1 _aÖzkişi, Bahaeddin
_eauthor
_926054
245 0 _aKöse kadı /
_cBahaeddin Özkişi.
250 _a7. bsm.
264 1 _aİstanbul:
_bÖtüken,
_c1999,2004.
300 _a252 s.;
_c19 cm.
336 _2rdacontent
_atext
_btxt
337 _2rdamedia
_aunmediated
_bn
338 _2rdacarrier
_avolume
_bnc
490 0 _aYayın Numarası ;
_v71
_aEdebi Eserler ;
_v33
650 0 _aTurkish fiction
_97165
650 7 _aTürk romanı
_2etuturkob
_99421
902 _a0015761
942 _cBK
_2lcc